| 000 | 00856nam a22002295a 4500 | ||
|---|---|---|---|
| 005 | 20091217143952.0 | ||
| 008 | 091120t20092006paua j 001 0 eng | ||
| 020 |
_a9781846969553 _c325.00 |
||
| 035 | _aG-001503 | ||
| 037 | _bGift | ||
| 040 |
_adpl _bEnglish |
||
| 082 | _a333.72 | ||
| 100 |
_aCronin, Ali _950216 |
||
| 245 |
_aMaking a difference: _cby Ali Cronin _bthe save the world handbook / |
||
| 260 |
_aKent _bTicktock Media _c2009 |
||
| 270 |
_bKent _aThe Old Sawmill, 103 Goods Station Road, Tunbridge Wells, |
||
| 300 |
_a48p.: _bcol. ill. _c24cm(pbk ) |
||
| 500 | _aIncludes index | ||
| 942 |
_2ddc _cCH _mCRO _h333.72 |
||
| 999 |
_c68433 _d68433 |
||